Normal view
MARC view
Entry Topical Term
001 - CONTROL NUMBER
- control field: 2523
003 - CONTROL NUMBER IDENTIFIER
- control field: BD-RjUL
005 - DATE AND TIME OF LATEST TRANSACTION
- control field: 20220418121302.0
008 - FIXED-LENGTH DATA ELEMENTS
- fixed length control field: 220418|| aca||aabn | a|a d
040 ## - CATALOGING SOURCE
- Original cataloging agency: BD-RjUL
- Transcribing agency: BD-RjUL
150 ## - HEADING--TOPICAL TERM
- Topical term or geographic name entry element: মানবতাবাদ
- General subdivision: বাস্তববাদ
670 ## - SOURCE DATA FOUND
- Source citation: Work cat.: (BD-RjUL)79715: ইসলাম, নজরুল 292, উইলিয়ম জেমস ও জাঁ পল সার্ত্রের মানবতাবাদের আলোকে কাজী নজরুল ইসলামের মানবতাবাদ :, ১৯৯৯